• 首页
  • 本馆介绍
  • 公告通知
  • 最新文献
  • 馆藏检索
  • 电子资源
  • 读者导购
  • 参考咨询
  • 我的图书馆
  • 登录
  • 详细信息显示
  • 放入我的书架
  • 预约/预借图书
  • 作者相关作品
  • 分类相关作品
  • 丛书相关作品
  • 出版社相关作品

书目信息

  • 表格格式
  • 工作单格式
  • 卡片格式
题名:
百年中国学校音乐课程变迁的文化哲学研究
    
 
作者: 朱玉江 著
分册:  
出版信息: 北京   中国文联出版社  2015
页数: 280页
开本: 24cm
丛书名: 中国艺术学文库·艺术教育学文丛
单 册:
中图分类: J6-4 , J6
科图分类:
主题词: 音乐教育--课程体系--文化哲学--研究--中国
电子资源:
ISBN: 978-7-5190-0444-6
000 01514oam2 2200289 450
001 2376048358
005 20231209204014.82
010    @a978-7-5190-0444-6@dCNY76.00
100    @a20160301d2015 kemy0chiy50 ea
101 0  @achi@eeng
102    @aCN@b110000
105    @ay v 000yy
200 1  @a百年中国学校音乐课程变迁的文化哲学研究@Abai nian zhong guo xue xiao yin yue ke cheng bian qian de wen hua zhe xue yan jiu@b专著@f朱玉江著
210    @a北京@c中国文联出版社@d2015
215    @a280页@d24cm
225 1  @a中国艺术学文库·艺术教育学文丛
300    @a中国文学艺术基金会资助项目 中国文联文艺出版精品工程项目
312    @a封面英文题名:A cultural philosophical study of a century-long musical curriculum changes in China schools
330    @a本书基于当代课程论及国际音乐教育的文化研究转向这一学术背景。对20世纪以来学校音乐课程变迁进行梳理与归纳,以文化哲学作为理论基础,从学校音乐课程范式的现代性追求及后现代的挑战与应答、文化观念与学校音乐课程哲学变迁的内在理路透析、音乐文化价值观之变与学校音乐课程的文化选择变迁、人学理念与学校音乐课程目标变迁的文化分析、知识转型与地方音乐课程的兴起几个方面探讨了百年来中国学校音乐课程的变迁发展情况。
410  0 @12001 @a中国艺术学文库·艺术教育学文丛
510 1  @aCultural philosophical study of a century-long musical curriculum changes in China schools@zeng
606 0  @a音乐教育@x课程体系@x文化哲学@x研究@y中国
690    @aJ6-4@v5
690    @aJ6@v4
701  0 @a朱玉江@Azhu yu jiang@4著
801  0 @aCN@b91MARC@c20160302
905    @aZUCC@dJ6@e13
    
    百年中国学校音乐课程变迁的文化哲学研究/朱玉江著.-北京:中国文联出版社,2015
    280页;24cm.-(中国艺术学文库·艺术教育学文丛)
    中国文学艺术基金会资助项目 中国文联文艺出版精品工程项目
    
    ISBN 978-7-5190-0444-6:CNY76.00
    本书基于当代课程论及国际音乐教育的文化研究转向这一学术背景。对20世纪以来学校音乐课程变迁进行梳理与归纳,以文化哲学作为理论基础,从学校音乐课程范式的现代性追求及后现代的挑战与应答、文化观念与学校音乐课程哲学变迁的内在理路透析、音乐文化价值观之变与学校音乐课程的文化选择变迁、人学理念与学校音乐课程目标变迁的文化分析、知识转型与地方音乐课程的兴起几个方面探讨了百年来中国学校音乐课程的变迁发展情况。
●
相关链接 在五车中查询图书 在当当中查询图书 在豆瓣中查询图书


正题名:百年中国学校音乐课程变迁的文化哲学研究     索取号:J6/13         预约/预借

序号 登录号 条形码 馆藏地/架位号 状态 备注
1 2001033897   2001033897   315书库/四35架A面1层1列/ [索取号:J6/13] 在馆    
2 2001033898   2001033898   315书库/四35架A面1层1列/ [索取号:J6/13] 在馆    
3 2001033899   2001033899   315书库/四35架A面1层1列/ [索取号:J6/13] 在馆    
4 2001033900   2001033900   315书库/四35架A面1层1列/ [索取号:J6/13] 在馆    
5 2001033901   2001033901   315书库/四35架A面1层1列/ [索取号:J6/13] 在馆    
6 2001033902   2001033902   315书库/四35架A面1层1列/ [索取号:J6/13] 在馆    
山东省滨州职业学院图书馆 欢迎您!
大连网信软件有限公司© 版权所有